000 00930nam a22002897a 4500
001 4481
003 FISKH
005 20251209101808.0
008 240911b cb ||||| |||| 00| 0 eng d
020 _a9780545415835
040 _aFISKH
_beng
_cFISKH
_dFISKH
050 _aQL49.M295
082 _a793.73
100 _aMarzollo, Jean
245 _aI spy animals /
_cRhymes by Jeans Marzollo : Photographs by Walter Wick
250 _aThis edition first printing , January 2012
260 _aNew York :
_bScholastic ;
_c1998 .
300 _a30 unnumbered pages :
_bcolor illustrations ;
_c21 cm .
505 _aD
520 _aRhyming verses ask readers to find hidden objects and toy animals in the photographs.
521 8 _a160
_bLexile estimate
521 8 _aD
_bRaz-Plus
650 _arhymes
_v children's book
700 _aWick, Walter
_ePhotographer
942 _2ddc
_cBK
_n0
999 _c4481
_d4481